Netter,s Essential Physiology (Record no. 5764)
[ view plain ]
| 000 -LEADER | |
|---|---|
| fixed length control field | 00353nam a2200133Ia 4500 |
| 082 ## - DEWEY DECIMAL CLASSIFICATION NUMBER | |
| Classification number | QT 17 |
| Author Mark | MUL |
| 100 ## - MAIN ENTRY--PERSONAL NAME | |
| Author Name | Mulronney,Susan E. |
| 245 #0 - TITLE STATEMENT | |
| Title | Netter,s Essential Physiology |
| Statement of responsibility, etc. | Mulronney,Susan E. |
| 260 ## - PUBLICATION, DISTRIBUTION, ETC. | |
| Place of publication, distribution, etc. | Philadelphia |
| Name of publisher, distributor, etc. | Elsevier |
| Date of publication, distribution, etc. | 2009 |
| 300 ## - PHYSICAL DESCRIPTION | |
| No of Pages | 387 |
| 650 ## - SUBJECT ADDED ENTRY--TOPICAL TERM | |
| Subject | Physiology- Atlase |
| 942 ## - ADDED ENTRY ELEMENTS (KOHA) | |
| Koha item type | Books |
| 952 ## - LOCATION AND ITEM INFORMATION (KOHA) | |
| -- | 2018-03-16 |
| Withdrawn status | Lost status | Damaged status | Not for loan | Home library | Current library | Shelving location | Date acquired | Total Checkouts | Full call number | Barcode | Checked out | Date last seen | Date last checked out | Koha item type |
|---|---|---|---|---|---|---|---|---|---|---|---|---|---|---|
| Islamabad Medical and Dental College | Islamabad Medical and Dental College | Islamabad Medical and Dental College | 16/03/2018 | 1 | QT 17 | 7511 | 24/04/2018 | 10/04/2018 | 10/04/2018 | Books |
